[Event "Hastings Masters op 95th"]
[Site "Hastings"]
[Date "2020.01.02"]
[Round "6"]
[White "Anuprita, Patil"]
[Black "Lehaci, Miruna Daria"]
[Result "0-1"]
[WhiteElo "2025"]
[BlackElo "2214"]
[PlyCount "142"]
[EventDate "2019.12.28"]
[EventType "swiss"]
[EventRounds "9"]
[EventCountry "ENG"]
[SourceTitle "CBM 194 Extra"]
[Source "ChessBase"]
[SourceDate "2020.03.31"]
[SourceVersion "1"]
[SourceVersionDate "2020.03.31"]
[SourceQuality "1"]

1. d4 Nf6 2. Nf3 e6 3. e3 b6 4. Bd3 Bb7 5. 0-0 c5 6. c4 cxd4 7. exd4 Be7 8. Nc3 0-0 9. d5 Na6 10. Bb1 Qb8 11. Bg5 h6 12. Bh4 Qf4 13. Qe2 Rfe8 14. Bg3 Qg4 15. d6 Bf8 16. Rd1 Bxf3 17. gxf3 Qh5 18. Kh1 Rac8 19. Be5 Nh7 20. Rg1 Ng5 21. Rg3 Nb4 22. Ne4 Nxe4 23. Bxe4 Rc5 24. Bc3 Na6 25. b4 Rg5 26. Rxg5 hxg5 27. c5 f5 28. Bd3 Nb8 29. Bb5 Kf7 30. Rd1 Qh3 31. Bxd7 Nxd7 32. c6 Rd8 33. Re1 f4 34. cxd7 Bxd6 35. Rg1 Be7 36. Qd1 Qf5 37. Re1 Qd5 38. Qxd5 exd5 39. a3 Rxd7 40. Bd4 Bf6 41. Rd1 Bxd4 42. Rxd4 Ke6 43. Kg2 Rc7 44. Rd1 Rc3 45. Re1+ Kd6 46. Re8 Rxa3 47. Rg8 d4 48. Kf1 a5 49. Rxg7 axb4 50. Rxg5 b3 51. Ke2 Kc6 52. Kd3 b2+ 53. Kc2 Rxf3 54. Kxb2 Rxf2+ 55. Kb3 Rxh2 56. Kc4 Rh6 57. Kxd4 Rf6 58. Rg2 f3 59. Rf2 b5 60. Ke3 Kc5 61. Rc2+ Kb4 62. Kf2 Kb3 63. Rc8 b4 64. Rb8 Kc3 65. Rc8+ Kb2 66. Rb8 b3 67. Rb7 Kc2 68. Rc7+ Kb1 69. Rb7 b2 70. Rb8 Rf4 71. Rb7 Ka2 0-1

[Event "Hastings Masters op 95th"]
[Site "Hastings"]
[Date "2020.01.01"]
[Round "5"]
[White "Brouwer, Dennis"]
[Black "Anuprita, Patil"]
[Result "1-0"]
[WhiteElo "2202"]
[BlackElo "2025"]
[PlyCount "113"]
[EventDate "2019.12.28"]
[EventType "swiss"]
[EventRounds "9"]
[EventCountry "ENG"]
[SourceTitle "CBM 194 Extra"]
[Source "ChessBase"]
[SourceDate "2020.03.31"]
[SourceVersion "1"]
[SourceVersionDate "2020.03.31"]
[SourceQuality "1"]

1. c4 e6 2. Nc3 d5 3. e3 Nf6 4. Nf3 Be7 5. b3 0-0 6. Bb2 b6 7. cxd5 exd5 8. d4 Bb7 9. Bd3 Nbd7 10. 0-0 Ne4 11. Qc2 Ndf6 12. Rac1 Nxc3 13. Qxc3 Bd6 14. Ne5 Ne4 15. Qc2 f6 16. Bxe4 dxe4 17. Qc4+ Kh8 18. Nf7+ Rxf7 19. Qxf7 Bd5 20. Qh5 c6 21. Rc2 Qd7 22. f4 a5 23. Bc3 b5 24. Rfc1 Ba3 25. Rb1 Bf8 26. Qd1 Be7 27. Qe1 Bd8 28. Kh1 Bc7 29. Kg1 Bd8 30. Kh1 Bc7 31. Bd2 Bd8 32. Kg1 Bc7 33. Kh1 Bd8 34. h3 Bc7 35. Kg1 Bd8 36. Kh2 Bc7 37. Kh1 Bd8 38. Bc3 Bc7 39. Qh4 Bd6 40. g4 Be7 41. f5 a4 42. Qe1 Bd6 43. Bb4 Bc7 44. Rbb2 h6 45. Rc3 Bb8 46. Bc5 Bc7 47. bxa4 Rxa4 48. Ra3 Rxa3 49. Bxa3 Kh7 50. Qb4 Qc8 51. Rg2 Qa6 52. Kg1 Ba5 53. Qe7 Be1 54. Bd6 Bxa2 55. g5 hxg5 56. Rxg5 fxg5 57. Be5 1-0

[Event "US Masters op"]
[Site "Greensboro"]
[Date "2019.08.22"]
[Round "2"]
[White "Yip, Carissa"]
[Black "Anuprita, Patil"]
[Result "1-0"]
[WhiteElo "2300"]
[BlackElo "2067"]
[PlyCount "51"]
[EventDate "2019.08.21"]
[EventType "swiss"]
[EventRounds "9"]
[EventCountry "USA"]
[SourceTitle "EXT 2020"]
[Source "ChessBase"]
[SourceDate "2019.10.17"]
[SourceVersion "1"]
[SourceVersionDate "2019.10.17"]
[SourceQuality "1"]

1. e4 c5 2. Nf3 e6 3. b3 b6 4. Bb2 Bb7 5. Nc3 d6 6. d4 cxd4 7. Nxd4 a6 8. Bd3 Nf6 9. Qe2 Be7 10. 0-0-0 Nbd7 11. f4 Qc7 12. g4 d5 13. e5 Bc5 14. Nxe6 fxe6 15. exf6 Qxf4+ 16. Kb1 0-0-0 17. fxg7 Rhg8 18. Qxe6 Rxg7 19. Nxd5 Qf7 20. Bf5 Qxe6 21. Bxe6 Rg6 22. Rhe1 Bc6 23. Bf5 Rd6 24. Nf6 Kc7 25. Rxd6 Bxd6 26. Ne8+ 1-0

[Event "Gibraltar Challenger op-B"]
[Site "Caleta"]
[Date "2017.01.30"]
[Round "3"]
[White "Pinho, Paulo Miguel"]
[Black "Anuprita, Patil"]
[Result "1-0"]
[WhiteElo "2220"]
[BlackElo "2066"]
[PlyCount "103"]
[EventDate "2017.01.28"]
[EventType "swiss"]
[EventRounds "5"]
[EventCountry "GGB"]
[SourceTitle "EXT 2018"]
[Source "ChessBase"]
[SourceDate "2017.10.13"]
[SourceVersion "1"]
[SourceVersionDate "2017.10.13"]
[SourceQuality "1"]

1. d4 d5 2. Nf3 Nf6 3. c4 e6 4. g3 dxc4 5. Bg2 Nc6 6. 0-0 Rb8 7. Nc3 b5 8. Ne5 Nxe5 9. dxe5 Nd7 10. Qc2 Bb7 11. Bxb7 Rxb7 12. a4 c6 13. Rd1 Qc7 14. Ne4 Nxe5 15. Bf4 f6 16. b3 Kf7 17. axb5 cxb5 18. Ra6 Be7 19. Bxe5 Qxe5 20. Rdd6 cxb3 21. Qb1 b2 22. f4 Rc8 23. fxe5 Rc1+ 24. Rd1 Rxd1+ 25. Qxd1 Rc7 26. Ra1 bxa1Q 27. Qxa1 fxe5 28. Qxe5 Rb7 29. Qh5+ Kf8 30. Nd6 Bxd6 31. Qf3+ Rf7 32. Qa8+ Ke7 33. Qxa7+ Kf6 34. Qb6 Be5 35. Qxb5 Bd4+ 36. Kg2 e5 37. Qd3 h6 38. e3 Ba7 39. Qd8+ Ke6 40. Qc8+ Kf6 41. Qc6+ Ke7 42. Qd5 Kf6 43. Qd6+ Kf5 44. e4+ Kg5 45. h4+ Kh5 46. Qxe5+ Kg6 47. Qe6+ Rf6 48. Qg4+ Kh7 49. e5 Rf2+ 50. Kh3 Rf1 51. Qe4+ Kg8 52. Qa8+ 1-0

[Event "Gibraltar Challenger op-A"]
[Site "Caleta"]
[Date "2017.01.27"]
[Round "5"]
[White "Anuprita, Patil"]
[Black "Pinho, Paulo Miguel"]
[Result "0-1"]
[WhiteElo "2066"]
[BlackElo "2220"]
[PlyCount "66"]
[EventDate "2017.01.23"]
[EventType "swiss"]
[EventRounds "5"]
[EventCountry "GGB"]
[SourceTitle "CBM 176 Extra"]
[Source "ChessBase"]
[SourceDate "2017.03.02"]
[SourceVersion "1"]
[SourceVersionDate "2017.03.02"]
[SourceQuality "1"]

1. d4 Nf6 2. Bg5 Ne4 3. h4 c5 4. dxc5 Qa5+ 5. Nd2 g6 6. c3 Nxg5 7. hxg5 Qxc5 8. Ngf3 Bg7 9. Nb3 Qc7 10. e3 d6 11. Qd2 Nc6 12. Be2 a5 13. a4 Bd7 14. Nbd4 Nb8 15. Nb5 Qb6 16. Rh4 Na6 17. Bc4 Nc5 18. Nfd4 Bc6 19. f3 d5 20. b4 axb4 21. a5 Qd8 22. Be2 b3 23. a6 e5 24. Nxc6 bxc6 25. Na3 Qxg5 26. Rg4 Qe7 27. Nb1 0-0 28. Rb4 Ra7 29. Ra5 Rfa8 30. Qd1 e4 31. f4 Nd3+ 32. Bxd3 Bxc3+ 33. Nxc3 Qxb4 0-1

[Event "Gibraltar Challenger op-A"]
[Site "Caleta"]
[Date "2017.01.24"]
[Round "2"]
[White "Villar Reymundo, Juan Antonio"]
[Black "Anuprita, Patil"]
[Result "1/2-1/2"]
[WhiteElo "2212"]
[BlackElo "2066"]
[PlyCount "204"]
[EventDate "2017.01.23"]
[EventType "swiss"]
[EventRounds "5"]
[EventCountry "GGB"]
[SourceTitle "CBM 176 Extra"]
[Source "ChessBase"]
[SourceDate "2017.03.02"]
[SourceVersion "1"]
[SourceVersionDate "2017.03.02"]
[SourceQuality "1"]

1. d4 d5 2. c4 e6 3. Nf3 Nf6 4. Bg5 Be7 5. Nc3 h6 6. Bh4 Nbd7 7. Qc2 b6 8. cxd5 Nxd5 9. Nxd5 exd5 10. Bxe7 Qxe7 11. Qxc7 Ba6 12. Ne5 Qb4+ 13. Qc3 Qxc3+ 14. bxc3 Nxe5 15. dxe5 Kd7 16. g3 Kc6 17. 0-0-0 Bc4 18. e4 Bxa2 19. Kb2 Bc4 20. Rd4 Rae8 21. Bxc4 dxc4 22. Rxc4+ Kb5 23. Rb4+ Kc5 24. f4 Rd8 25. Kc2 Rd7 26. Rbb1 a5 27. Rhd1 Rhd8 28. Rxd7 Rxd7 29. Rd1 Ra7 30. Rd5+ Kc4 31. Rd4+ Kc5 32. Kb3 b5 33. Rd5+ Kc6 34. c4 a4+ 35. Kb4 bxc4 36. Rc5+ Kb6 37. Rxc4 a3 38. Rc1 Rd7 39. Kxa3 Rd4 40. Kb3 Rxe4 41. Rc4 Re2 42. Rc2 Re1 43. Kc4 Kc6 44. Kd4+ Kd7 45. g4 g6 46. Ra2 Rg1 47. h3 Rg3 48. Rh2 Ra3 49. Ke4 Ra4+ 50. Kf3 Ra3+ 51. Kf2 Ra2+ 52. Kg3 Ra3+ 53. Kg2 Ra2+ 54. Kg1 Ra1+ 55. Kg2 Ra2+ 56. Kg3 Ra3+ 57. Kh4 Ke6 58. Rd2 g5+ 59. fxg5 hxg5+ 60. Kxg5 Rxh3 61. Rf2 Re3 62. Rf6+ Ke7 63. Rf5 Re1 64. Kh6 Kf8 65. Kg5 Kg7 66. Kf4 Ra1 67. Rg5+ Kf8 68. Rh5 Rf1+ 69. Kg5 Kg7 70. Rh2 Re1 71. Kf5 Rf1+ 72. Ke4 Rg1 73. Kf4 Rf1+ 74. Kg3 Re1 75. Rh5 Kg6 76. Rf5 Ra1 77. Rf6+ Kg7 78. Kf4 Rf1+ 79. Kg5 Re1 80. Rf5 Re2 81. Kf4 Re1 82. Rg5+ Kf8 83. Rf5 Kg7 84. Rg5+ Kf8 85. Rh5 Kg7 86. Rh3 Kg6 87. Rf3 Rg1 88. Rg3 Rf1+ 89. Rf3 Rg1 90. Re3 Rf1+ 91. Ke4 Rg1 92. Kf4 Rf1+ 93. Rf3 Rg1 94. Ra3 Rf1+ 95. Kg3 Rg1+ 96. Kh3 Rh1+ 97. Kg2 Re1 98. Ra6+ Kg5 99. Ra7 Rxe5 100. Kf3 Rb5 101. Rxf7 Rb3+ 102. Ke4 Kxg4 1/2-1/2

[Event "Arlington DC op 1st"]
[Site "Arlington"]
[Date "2013.06.30"]
[Round "7"]
[White "Nieto, Manuel Valerio Wald"]
[Black "Anuprita, Patil"]
[Result "1/2-1/2"]
[WhiteElo "1996"]
[BlackElo "2075"]
[PlyCount "60"]
[EventDate "2013.06.27"]
[EventType "swiss"]
[EventRounds "9"]
[EventCountry "USA"]
[SourceTitle "CBM 155 Extra"]
[Source "ChessBase"]
[SourceDate "2013.08.26"]
[SourceVersion "1"]
[SourceVersionDate "2013.08.26"]
[SourceQuality "1"]

1. Nf3 c5 2. g3 Nc6 3. Bg2 g6 4. c4 Bg7 5. Nc3 d6 6. 0-0 e6 7. e3 Nge7 8. d4 0-0 9. b3 Nf5 10. Ne2 Rb8 11. Bb2 b6 12. Qd2 Bb7 13. Rfd1 Qc7 14. e4 Nfe7 15. dxc5 dxc5 16. Bxg7 Kxg7 17. Qd7 Qxd7 18. Rxd7 Rfd8 19. Rad1 Rxd7 20. Rxd7 Bc8 21. Rd6 e5 22. Nc3 Bg4 23. Nd5 Bxf3 24. Bxf3 Rb7 25. Bg4 Nd4 26. Bd7 Kf8 27. Nf6 Ng8 28. Nd5 Ne7 29. Nf6 Ng8 30. Nd5 Ne7 1/2-1/2

[Event "New Delhi Parsvnath op 11th"]
[Site "New Delhi"]
[Date "2013.01.06"]
[Round "3"]
[White "Anuprita, Patil"]
[Black "Prince, Bajaj"]
[Result "0-1"]
[WhiteElo "2099"]
[BlackElo "2270"]
[PlyCount "54"]
[EventDate "2013.01.05"]
[EventType "swiss"]
[EventRounds "11"]
[EventCountry "IND"]
[SourceTitle "EXT 2014"]
[Source "ChessBase"]
[SourceDate "2013.11.20"]
[SourceVersion "1"]
[SourceVersionDate "2013.11.20"]
[SourceQuality "1"]

1. d4 Nf6 2. c4 e6 3. Nc3 Bb4 4. Nf3 b6 5. Qb3 Qe7 6. Bg5 Bb7 7. e3 h6 8. Bh4 c5 9. dxc5 Bxc5 10. Be2 0-0 11. 0-0 d6 12. Qc2 Nbd7 13. a3 a5 14. Rab1 d5 15. cxd5 exd5 16. Rfd1 g5 17. Bg3 Rac8 18. Qd2 Rfd8 19. Nd4 Ne5 20. h4 Ne4 21. Nxe4 dxe4 22. Nf5 Qf6 23. Nxh6+ Kg7 24. hxg5 Qxg5 25. Qc3 Bd4 26. Qe1 Qxh6 27. Rxd4 Rh8 0-1

[Event "Commonwealth-ch"]
[Site "Chennai"]
[Date "2012.12.01"]
[Round "11"]
[White "Mohota, Nisha"]
[Black "Anuprita, Patil"]
[Result "1-0"]
[WhiteElo "2342"]
[BlackElo "2111"]
[PlyCount "47"]
[EventDate "2012.11.23"]
[EventType "swiss"]
[EventRounds "11"]
[EventCountry "IND"]
[SourceTitle "CBM 151 Extra"]
[Source "ChessBase"]
[SourceDate "2012.12.18"]
[SourceVersion "1"]
[SourceVersionDate "2012.12.18"]
[SourceQuality "1"]

1. d4 d5 2. c4 c6 3. Nf3 Nf6 4. e3 e6 5. b3 Nbd7 6. Bb2 Bd6 7. Bd3 Qc7 8. Nbd2 0-0 9. 0-0 Re8 10. e4 dxe4 11. Nxe4 Be7 12. Re1 b6 13. Qe2 Bb7 14. Nfg5 h6 15. Nxf7 Kxf7 16. Ng5+ hxg5 17. Qxe6+ Kf8 18. Bg6 Ne5 19. dxe5 Bb4 20. Qh3 Bxe1 21. exf6 Bxf2+ 22. Kh1 Bh4 23. fxg7+ Kg8 24. Qf5 1-0

[Event "Bratto op-B 32nd"]
[Site "Bratto"]
[Date "2012.08.18"]
[Round "1"]
[White "Anuprita, Patil"]
[Black "Bellia, Fabrizio"]
[Result "0-1"]
[WhiteElo "2123"]
[BlackElo "2451"]
[PlyCount "72"]
[EventDate "2012.08.18"]
[EventType "swiss"]
[EventRounds "9"]
[EventCountry "ITA"]
[SourceTitle "EXT 2014"]
[Source "ChessBase"]
[SourceDate "2013.11.20"]
[SourceVersion "1"]
[SourceVersionDate "2013.11.20"]
[SourceQuality "1"]

1. d4 Nf6 2. Nf3 e6 3. c4 b6 4. g3 Ba6 5. Qc2 Bb4+ 6. Bd2 Be7 7. Bg2 0-0 8. 0-0 c6 9. Rd1 d5 10. Ne5 Nfd7 11. Nxd7 Nxd7 12. cxd5 cxd5 13. Nc3 b5 14. a3 Rc8 15. Qb3 Qb6 16. Rac1 Rfe8 17. e3 Nf6 18. Bf1 Rb8 19. Na2 Ne4 20. Bb4 Bf6 21. Bd3 Bb7 22. f3 Ng5 23. f4 Ne4 24. Nc3 Bxd4 25. exd4 Qxd4+ 26. Kg2 Qf2+ 27. Kh3 Qf3 28. Bxe4 dxe4 29. Rf1 Qh5+ 30. Kg2 Rbd8 31. Nd1 e3+ 32. Kg1 e2 33. Re1 exd1Q 34. Rcxd1 h6 35. Bd6 Rxd6 36. Rxd6 Qc5+ 0-1

[Event "Braunau op-A 11th"]
[Site "Ranshofen"]
[Date "2012.08.04"]
[Round "1"]
[White "Neelotpal, Das"]
[Black "Anuprita, Patil"]
[Result "1-0"]
[WhiteElo "2469"]
[BlackElo "2123"]
[PlyCount "61"]
[EventDate "2012.08.04"]
[EventType "swiss"]
[EventRounds "9"]
[EventCountry "AUT"]
[SourceTitle "CBM 149 Extra"]
[Source "ChessBase"]
[SourceDate "2012.08.24"]
[SourceVersion "1"]
[SourceVersionDate "2012.08.24"]
[SourceQuality "1"]

1. d4 Nf6 2. c4 g6 3. Nc3 d5 4. e3 Bg7 5. Qb3 c6 6. Nf3 0-0 7. Bd3 dxc4 8. Bxc4 Qb6 9. Qa3 Qc7 10. 0-0 b5 11. Bd3 a5 12. Qb3 Na6 13. a3 Be6 14. Qd1 h6 15. Bd2 Rfe8 16. h3 Qd8 17. Rc1 Nc5 18. Bc2 Nb7 19. e4 Bc4 20. Re1 a4 21. e5 Nd5 22. e6 f5 23. Ne5 Nxc3 24. bxc3 Bxe5 25. Rxe5 c5 26. Qf3 Nd6 27. dxc5 Ne4 28. Bxh6 Kh7 29. Bf4 Rc8 30. Rxf5 Rxc5 31. Rf7+ 1-0

[Event "Barbera del Valles op 34th"]
[Site "Barbera del Valles"]
[Date "2011.07.08"]
[Round "5"]
[White "Codenotti, Marco"]
[Black "Anuprita, Patil"]
[Result "1/2-1/2"]
[WhiteElo "2323"]
[BlackElo "2048"]
[PlyCount "101"]
[EventDate "2011.07.04"]
[EventType "swiss"]
[EventRounds "9"]
[EventCountry "ESP"]
[SourceTitle "CBM 143 Extra"]
[Source "ChessBase"]
[SourceDate "2011.08.29"]
[SourceVersion "1"]
[SourceVersionDate "2011.08.29"]
[SourceQuality "1"]

1. e4 c5 2. Nf3 e6 3. d4 cxd4 4. Nxd4 Qb6 5. Nc3 Bc5 6. Be3 Nc6 7. Na4 Qa5+ 8. c3 Bxd4 9. Bxd4 Nxd4 10. Qxd4 e5 11. Qc4 d6 12. Qb5+ Qxb5 13. Bxb5+ Bd7 14. Bxd7+ Kxd7 15. c4 Rc8 16. b3 Ne7 17. Nc3 a6 18. a4 Ke6 19. 0-0-0 Nc6 20. Kb2 g6 21. g4 h5 22. g5 h4 23. Nd5 Ne7 24. f4 Nxd5 25. exd5+ Ke7 26. Rde1 b5 27. Kc3 bxc4 28. bxc4 Rh5 29. fxe5 Rxg5 30. exd6+ Kxd6 31. Rhf1 Rg4 32. Rf6+ Kc5 33. Rd1 Rxc4+ 34. Kb3 Rb8+ 35. Ka3 Rd4 36. Rxd4 Kxd4 37. Rxf7 Kxd5 38. Rf6 Rg8 39. Kb4 a5+ 40. Kb5 g5 41. Kxa5 g4 42. Kb6 g3 43. hxg3 hxg3 44. Rf1 Rg6+ 45. Kb5 g2 46. Rg1 Ke4 47. a5 Kf3 48. a6 Kf2 49. Rxg2+ Kxg2 50. a7 Rg8 51. Kb6 1/2-1/2

[Event "Barbera del Valles op 34th"]
[Site "Barbera del Valles"]
[Date "2011.07.05"]
[Round "2"]
[White "Anuprita, Patil"]
[Black "Vassallo Barroche, Mauricio"]
[Result "0-1"]
[WhiteElo "2048"]
[BlackElo "2416"]
[PlyCount "62"]
[EventDate "2011.07.04"]
[EventType "swiss"]
[EventRounds "9"]
[EventCountry "ESP"]
[SourceTitle "CBM 143 Extra"]
[Source "ChessBase"]
[SourceDate "2011.08.29"]
[SourceVersion "1"]
[SourceVersionDate "2011.08.29"]
[SourceQuality "1"]

1. Nf3 Nf6 2. g3 d5 3. Bg2 c6 4. c4 e6 5. 0-0 Be7 6. d4 0-0 7. Qc2 b6 8. Nbd2 Bb7 9. e4 Nbd7 10. e5 Ne8 11. cxd5 cxd5 12. a4 Nb8 13. Nb1 Nc6 14. Nc3 Nb4 15. Qb3 a5 16. Na2 Ba6 17. Nxb4 Bxb4 18. Bg5 f6 19. exf6 gxf6 20. Bh6 Bxf1 21. Bxf1 Ng7 22. Qe3 Re8 23. Bh3 Qd7 24. g4 Bd6 25. Qb3 Rab8 26. Kh1 b5 27. g5 bxa4 28. Qd3 Rb3 29. Qe2 f5 30. Rg1 Qb5 31. Qd1 Qd3 0-1

[Event "IND Challenger (Women)"]
[Site "Nagpur"]
[Date "2009.09.14"]
[Round "10"]
[White "Priyanka, Kumari"]
[Black "Anuprita, Patil"]
[Result "1/2-1/2"]
[WhiteElo "2058"]
[BlackElo "2051"]
[PlyCount "36"]
[EventDate "2009.09.07"]
[EventType "swiss"]
[EventRounds "11"]
[EventCountry "IND"]
[SourceTitle "CBM 132 Extra"]
[Source "ChessBase"]
[SourceDate "2009.11.03"]
[SourceVersion "1"]
[SourceVersionDate "2009.11.03"]
[SourceQuality "1"]

1. e4 c5 2. Nf3 e6 3. d4 cxd4 4. Nxd4 Nf6 5. Nc3 d6 6. Be3 Be7 7. Bc4 0-0 8. f4 Qc7 9. Bb3 a6 10. Qe2 Nc6 11. 0-0-0 Bd7 12. Nxc6 Bxc6 13. Bf2 Bd7 14. Qc4 Bc6 15. Qe2 Bd7 16. Qc4 Bc6 17. Qe2 Bd7 18. Qc4 Bc6 1/2-1/2

[Event "Andorra op 27th"]
[Site "Arinsal"]
[Date "2009.07.18"]
[Round "1"]
[White "Spraggett, Kevin"]
[Black "Anuprita, Patil"]
[Result "1-0"]
[WhiteElo "2606"]
[BlackElo "2059"]
[PlyCount "152"]
[EventDate "2009.07.18"]
[EventType "swiss"]
[EventRounds "9"]
[EventCountry "AND"]
[SourceTitle "CBM 131 Extra"]
[Source "ChessBase"]
[SourceDate "2009.09.03"]
[SourceVersion "2"]
[SourceVersionDate "2009.09.16"]
[SourceQuality "1"]

1. c4 c5 2. Nc3 Nc6 3. g3 g6 4. Bg2 Bg7 5. Nf3 d6 6. 0-0 e6 7. d3 Nge7 8. Bg5 0-0 9. a3 a5 10. Rb1 h6 11. Bd2 Rb8 12. Nb5 e5 13. Ne1 Be6 14. Nc2 d5 15. cxd5 Bxd5 16. Bxd5 Nxd5 17. b4 axb4 18. axb4 cxb4 19. Nxb4 Ndxb4 20. Bxb4 Nxb4 21. Rxb4 Qd7 22. Qb3 Kh7 23. Nc3 Rfc8 24. Nd5 Rc5 25. e4 b5 26. Kg2 f5 27. Rb1 Rb7 28. h3 Rb8 29. Rb2 g5 30. Ne3 f4 31. Nf5 fxg3 32. fxg3 Rb7 33. Rd2 Qc6 34. Qa2 Rd7 35. Ne3 Rc1 36. Rb1 Rxb1 37. Qxb1 Qc3 38. Rd1 Rb7 39. Nd5 Qd4 40. Rf1 b4 41. Qb3 Qc5 42. Rf2 Qa5 43. Ra2 Qc5 44. Rc2 Qa7 45. Rc8 Rf7 46. Ne3 Rf8 47. Rxf8 Bxf8 48. Kf3 Qd7 49. Nf5 Bg7 50. h4 gxh4 51. gxh4 Qb5 52. Ke2 Qc5 53. Ne3 Qe7 54. Nf5 Qc5 55. h5 Kh8 56. Ne3 Kh7 57. Qf7 Qc3 58. Qc4 Qxc4 59. Nxc4 Kg8 60. Ne3 Kf7 61. Nd5 Bf8 62. Kd2 Bc5 63. Kc2 Bf2 64. Kb3 Be1 65. Kc4 Bd2 66. Nxb4 Bxb4 67. Kxb4 Kf6 68. Kc5 Kg5 69. Kd6 Kxh5 70. Kxe5 Kg4 71. Kf6 h5 72. e5 h4 73. e6 h3 74. e7 h2 75. e8Q h1Q 76. Qe4+ Qxe4 1-0

[Event "Barbera del Valles op 32nd"]
[Site "Barbera del Valles"]
[Date "2009.07.09"]
[Round "6"]
[White "Ridameya Tatche, Jose Miguel"]
[Black "Anuprita, Patil"]
[Result "0-1"]
[WhiteElo "2123"]
[BlackElo "2059"]
[PlyCount "48"]
[EventDate "2009.07.04"]
[EventType "swiss"]
[EventRounds "9"]
[EventCountry "ESP"]
[SourceTitle "CBM 131 Extra"]
[Source "ChessBase"]
[SourceDate "2009.09.03"]
[SourceVersion "2"]
[SourceVersionDate "2009.09.16"]
[SourceQuality "1"]

1. e4 c5 2. Nf3 d6 3. d4 cxd4 4. Nxd4 Nf6 5. f3 e5 6. Bb5+ Nbd7 7. Nb3 Be7 8. Be3 0-0 9. 0-0 Nb6 10. a4 Be6 11. a5 Nc4 12. Bxc4 Bxc4 13. Re1 d5 14. N3d2 Ba6 15. exd5 Nxd5 16. Bf2 Qc7 17. c4 Nf4 18. Qb3 Rfd8 19. Be3 Rd3 20. Qc2 Bc5 21. Bxc5 Qxc5+ 22. Kf1 Rad8 23. Ra3 Rxd2 24. Nxd2 Rxd2 0-1

[Event "Barbera del Valles op 32nd"]
[Site "Barbera del Valles"]
[Date "2009.07.08"]
[Round "5"]
[White "Costa Trave, Jaume"]
[Black "Anuprita, Patil"]
[Result "1-0"]
[WhiteElo "1981"]
[BlackElo "2059"]
[PlyCount "59"]
[EventDate "2009.07.04"]
[EventType "swiss"]
[EventRounds "9"]
[EventCountry "ESP"]
[SourceTitle "CBM 131 Extra"]
[Source "ChessBase"]
[SourceDate "2009.09.03"]
[SourceVersion "2"]
[SourceVersionDate "2009.09.16"]
[SourceQuality "1"]

1. d4 d5 2. Nc3 Nf6 3. Bf4 c6 4. e3 g6 5. Be2 Bg7 6. h4 Qb6 7. Na4 Qa5+ 8. c3 Nbd7 9. b4 Qd8 10. h5 gxh5 11. Bxh5 b5 12. Nb2 a5 13. a3 Nb6 14. Nd3 Nc4 15. Ne5 Nxe5 16. Bxe5 Bf5 17. Qf3 Qd7 18. Qg3 Bg6 19. Bxg6 fxg6 20. f3 Qf5 21. Ne2 Qd3 22. Kf2 axb4 23. axb4 Rxa1 24. Rxa1 0-0 25. Bxf6 Rxf6 26. Qh3 Kf7 27. Ra8 Re6 28. Qxe6+ Kxe6 29. Nf4+ Kf7 30. Nxd3 1-0

[Event "Barbera del Valles op 32nd"]
[Site "Barbera del Valles"]
[Date "2009.07.06"]
[Round "3"]
[White "Kulkarni, Chinmay"]
[Black "Anuprita, Patil"]
[Result "1/2-1/2"]
[WhiteElo "2259"]
[BlackElo "2059"]
[PlyCount "58"]
[EventDate "2009.07.04"]
[EventType "swiss"]
[EventRounds "9"]
[EventCountry "ESP"]
[SourceTitle "CBM 131 Extra"]
[Source "ChessBase"]
[SourceDate "2009.09.03"]
[SourceVersion "2"]
[SourceVersionDate "2009.09.16"]
[SourceQuality "1"]

1. Nf3 c5 2. e4 e6 3. d4 cxd4 4. Nxd4 a6 5. Bd3 Nf6 6. 0-0 Qc7 7. Qe2 d6 8. a4 Nc6 9. Be3 Be7 10. Nc3 0-0 11. Nb3 b6 12. f4 Bb7 13. Kh1 Rfe8 14. Bf2 Nb4 15. Bg3 d5 16. e5 Ne4 17. Bxe4 dxe4 18. f5 exf5 19. e6 Qc8 20. exf7+ Kxf7 21. Nd4 Kg8 22. Nxf5 Qe6 23. Qg4 Bf8 24. Rad1 Nd5 25. Nxd5 Bxd5 26. Rxd5 Qxd5 27. Nh6+ Kh8 28. Nf7+ Kg8 29. Nh6+ Kh8 1/2-1/2